<?xml version="1.0" encoding="UTF-8"?>
<marc:record xmlns:marc="http://www.loc.gov/MARC21/slim">
   <marc:leader>00000nam a2200000 a 4500</marc:leader>
   <marc:datafield ind1="1" ind2=" " tag="100">
      <marc:subfield code="a">Bartoli y Eckert, Petra</marc:subfield>
      <marc:subfield code="4">ctb</marc:subfield>
      <marc:subfield code="e">Mitwirkende/-r</marc:subfield>
   </marc:datafield>
   <marc:datafield ind1="1" ind2=" " tag="100">
      <marc:subfield code="a">Badstuber, Martina</marc:subfield>
      <marc:subfield code="4">ctb</marc:subfield>
      <marc:subfield code="e">Mitwirkende/-r</marc:subfield>
   </marc:datafield>
   <marc:datafield ind1=" " ind2=" " tag="653">
      <marc:subfield code="a">Softcover / Kinder- und Jugendbücher/Erstlesealter</marc:subfield>
   </marc:datafield>
   <marc:datafield ind1=" " ind2=" " tag="653">
      <marc:subfield code="a">Vorschulalter</marc:subfield>
   </marc:datafield>
   <marc:datafield ind1="0" ind2="0" tag="245">
      <marc:subfield code="a">Allererste Vorlesegeschichten</marc:subfield>
   </marc:datafield>
   <marc:datafield ind1="0" ind2="0" tag="245">
      <marc:subfield code="b">ab 2 Jahren ; [Sprachentwicklung sinnvoll fördern</marc:subfield>
   </marc:datafield>
   <marc:datafield ind1="0" ind2="0" tag="245">
      <marc:subfield code="c">Petra Bartoli y Eckert ... Mit Bildern von Martina Badstuber .... [Red. Leitung: Katja Schüler</marc:subfield>
   </marc:datafield>
   <marc:datafield ind1=" " ind2="1" tag="264">
      <marc:subfield code="a">Mannheim</marc:subfield>
      <marc:subfield code="b">Dudenverl.</marc:subfield>
      <marc:subfield code="c">2010</marc:subfield>
   </marc:datafield>
   <marc:datafield ind1="1" ind2=" " tag="490">
      <marc:subfield code="a">Lesedetektive</marc:subfield>
   </marc:datafield>
   <marc:datafield ind1="1" ind2=" " tag="520">
      <marc:subfield code="a">Angaben aus der Verlagsmeldung

Allererste Vorlesegeschichten : Ab 2 Jahren / von Petra Bartoli, Lotte Kinskofer, Salah Naoura, Sabine Schreiber

In diesem ersten Vorlesebuch können Kinder ab 2 Jahren 23 spannenden Geschichten zu beliebten Themen aus ihrer Lebenswelt lauschen. Der Duden-Lesedetektiv stellt Fragen zum Text und fördert auf diese Weise Textverständnis und Ausdrucksfähigkeit. Weitere Extras wie Suchbilder und Reime regen zum Zuhören, Mitdenken und Erzählen an. Die Länge der Texte ist auf den Entwicklungsstand der Kinder abgestimmt: kurze Geschichten für die Jüngeren, komplexere Geschichten für die Älteren. Als Hilfestellung für die Erwachsenen unterstützt eine farbige Kennzeichnung der einzelnen Sprecherstimmen das lebendige Vorlesen. So wachsen begeisterte Zuhörer von heute zu wissbegierigen Lesern von morgen heran.
</marc:subfield>
   </marc:datafield>
   <marc:datafield ind1=" " ind2=" " tag="020">
      <marc:subfield code="a">9783411734436</marc:subfield>
      <marc:subfield code="9">9783411734436</marc:subfield>
   </marc:datafield>
   <marc:datafield ind1=" " ind2=" " tag="041">
      <marc:subfield code="a">ger</marc:subfield>
   </marc:datafield>
   <marc:datafield ind1=" " ind2=" " tag="300">
      <marc:subfield code="a">95 S.</marc:subfield>
   </marc:datafield>
</marc:record>
